| 000 | 00500nam a2200193 a 4500 | ||
|---|---|---|---|
| 001 | 13386 | ||
| 003 | CO-ViMGA | ||
| 008 | 141112s2004 ck r 000 u spa d | ||
| 020 | _a8477228035 | ||
| 040 |
_aCO-ViMGA _bspa _cCO-ViMGA |
||
| 082 | 0 | 4 | _aCARg |
| 100 | 1 |
_aCarranza, Maite; Capdevila, Roser _919560 |
|
| 245 | 1 | 0 | _aSefa gallina |
| 260 |
_aBarcelona : _bCeac, _c1991 |
||
| 300 | _a25 : ils | ||
| 490 | _aLa sorprendente sefa ceferina | ||
| 650 | 1 | 4 |
_aCUENTOS INFANTILES _92743 |
| 942 |
_2ddc _cBK |
||
| 999 |
_c24125 _d24125 |
||